| 000 | 00630nam a22001937a 4500 | ||
|---|---|---|---|
| 999 |
_c165130 _d165130 |
||
| 005 | 20190607173153.0 | ||
| 010 | _aUR-10184 | ||
| 020 |
_c120.00 _a9789388105408 |
||
| 035 | _aU-8739 | ||
| 037 | _bDBAD/PUB | ||
| 082 | _aن | ||
| 100 | _aعبد ا لمتين | ||
| 245 |
_aتلا ش (ا فسا نو کا مجمعو عہ) _cعبد ا لمتين |
||
| 246 |
_bTalash(Urdu) _aby Abdul Mateen |
||
| 260 |
_a Delhi _bEducational Publishing House _c2018 ء |
||
| 270 |
_a3191،Vakil Street,Kucha Pandit,Lal Kuan, _bDelhi _e110006 _k23216162 _l00911123211540 |
||
| 300 |
_a112 ص _c22 Cm(Hb) |
||
| 942 |
_2ddc _cUR _hن _mع ب د |
||